000 01315nam a2200289 i 4500
001 92625
003 ES-MaACL
005 20230906181022.0
007 t|
008 050408s2003 sp ||||1| spa d
020 _a84-95301-82-2
080 _a364.65-054.72:351.83/.84(4-672 UE)(063)
080 _a314.15(4-672 UE):314.7(063)
245 0 0 _aInmigración y ciudadanía
_b: perspectivas sociojurídicas /
_ccoordinadores, José Martínez de Pisón y Joaquín Giró Miranda.
260 _aLogroño :
_bUniversidad de La Rioja, Servicio de Publicaciones,
_c2003.
300 _a159 p. ;
_c24 cm.
490 1 _aColección jurídica ;
_v20
500 _aPonencias presentadas en las Jornadas sobre "Inmigración y Ciudadanía Europea" celebradas enla Universidad de La Rioja los días 24 y 25 de octubre de 2002.
504 _aIncluye referencias bibliográficas.
650 1 4 _aEmigración e inmigración-
_xPolítica gubernamental-
_zPaíses de la Unión Europea-
_vCongresos y asambleas.
_912192
700 1 _aMartínez de Pisón, José.
_978027
700 1 _aGiró Miranda, Joaquín.
_957260
711 2 _aJornadas sobre "Inmigración y Ciudadanía Europea" (
_d2002.
_cLogroño)
_9872
830 0 _aColección jurídica ;
_v20
_9184258
852 _aES-MaACL
_jL-29046
_bR.135588
999 _c92625
_d92625